Statistics for Groups of Things: National Parks 2

Click here to take the quiz!

General Stats

  • This quiz has been taken 145 times
    (133 since last reset)
  • The average score is 19 of 38

Answer Stats

HintAnswer% Correct
National Parks with "canyon" in their nameGrand Canyon
99%
National Parks on the AtlanticEverglades
93%
National Parks on the AtlanticAcadia
91%
National Parks named for plantsJoshua Tree
80%
National Parks named for plantsSequoia
80%
Designations of Park Service units other than "National Park"National Monument
79%
National Parks named for plantsRedwood
79%
National Parks with "canyon" in their nameCanyonlands
78%
National Parks with "canyon" in their nameBryce Canyon
75%
National Parks on the AtlanticDry Tortugas
73%
National Parks with "canyon" in their nameBlack Canyon of the Gunnison
69%
National Parks named for plantsSaguaro
68%
National Parks on the AtlanticBiscayne
63%
Designations of Park Service units other than "National Park"National Lakeshore
59%
National Parks with "canyon" in their nameKings Canyon
58%
Families whose philanthropy allowed the creation of 30 or more National Park SitesRockefeller
58%
Designations of Park Service units other than "National Park"National Historic Site
53%
Families whose philanthropy allowed the creation of 30 or more National Park SitesRoosevelt
53%
National Parks on the AtlanticUS Virgin Islands
53%
Designations of Park Service units other than "National Park"National Seashore
50%
Designations of Park Service units other than "National Park"National Battlefield
49%
Designations of Park Service units other than "National Park"National River
45%
Designations of Park Service units other than "National Park"National Memorial
38%
Districts of Canyonlands National ParkRivers
36%
Designations of Park Service units other than "National Park"National Trail
34%
Districts of Canyonlands National ParkNeedles
33%
Designations of Park Service units other than "National Park"National Historical Park
31%
Designations of Park Service units other than "National Park"National Recreation Area
31%
Districts of Canyonlands National ParkIsland in the Sky
29%
Designations of Park Service units other than "National Park"National Preserve
29%
Designations of Park Service units other than "National Park"National Military Park
28%
US National LakeshoresSleeping Bear
28%
Districts of Canyonlands National ParkThe Maze
25%
US National LakeshoresPictured Rocks
24%
US National LakeshoresApostle Islands
23%
Designations of Park Service units other than "National Park"National Parkway
14%
Districts of Canyonlands National ParkHorseshoe Canyon
11%
Families whose philanthropy allowed the creation of 30 or more National Park SitesMellon
10%

Score Distribution

Percentile by Number Answered

Percent of People with Each Score

Your Score History

You have not taken this quiz since the last reset